00306 a2200109 4500001001000000005001700010008004100027245002300068100002200091773006600113999001700179ART_1907820260410161921.0260409a 10aActualidad laboral1 aRubio, Valentín0 tLa informacióng- Tomo XXXIX, Nº 589 (ene. 1979)wREV14902 c27673d27673